[Event "DSOL 04 Liga Final 1st"]
[Site "Playchess.com INT"]
[Date "2020.09.11"]
[Round "3.3"]
[White "Braeutigam, Martin"]
[Black "Kuever, Benjamin"]
[Result "0-1"]
[WhiteElo "1604"]
[BlackElo "1320"]
[PlyCount "70"]
[EventDate "2020.06.22"]
[EventType "team-k.o. (rapid)"]
[EventCountry "GER"]
[SourceTitle "EXT 2021"]
[Source "ChessBase"]
[SourceDate "2020.10.23"]
[SourceVersion "1"]
[SourceVersionDate "2020.10.23"]
[SourceQuality "1"]
[WhiteTeam "Buer Hassel"]
[BlackTeam "Ludwigshafen II"]
[WhiteTeamCountry "GER"]
[BlackTeamCountry "GER"]

1. d4 f5 2. c4 e6 3. Nc3 Nf6 4. g3 Be7 5. Bg2 0-0 6. Nh3 d5 7. 0-0 dxc4 8. Nf4 g5 9. Nh3 h6 10. e4 fxe4 11. Nxe4 Nc6 12. Nxf6+ Bxf6 13. Qh5 Kg7 14. Be3 e5 15. d5 Nd4 16. Rac1 b5 17. Be4 Bf5 18. Bxf5 Nxf5 19. b3 Qxd5 20. bxc4 bxc4 21. Qg4 Nd4 22. Bxd4 Qxd4 23. Qxd4 exd4 24. Rxc4 Rac8 25. Rfc1 Be5 26. Re1 Rfe8 27. f4 Bd6 28. Rec1 Re2 29. Rxd4 Rb8 30. Nf2 gxf4 31. gxf4 Rbb2 32. Nd3 Rbd2 33. h4 Bc5 34. Rxc5 Rd1+ 35. Ne1 Rdxe1# 0-1

[Event "DSOL 04 Liga Gr-A 1st"]
[Site "Playchess.com INT"]
[Date "2020.08.07"]
[Round "7.3"]
[White "Metzler, Jonas"]
[Black "Kuever, Benjamin"]
[Result "1/2-1/2"]
[WhiteElo "1834"]
[BlackElo "1320"]
[PlyCount "100"]
[EventDate "2020.06.22"]
[EventType "team-tourn (rapid)"]
[EventCountry "GER"]
[SourceTitle "EXT 2021"]
[Source "ChessBase"]
[SourceDate "2020.10.23"]
[SourceVersion "1"]
[SourceVersionDate "2020.10.23"]
[SourceQuality "1"]
[WhiteTeam "Ostertal"]
[BlackTeam "Ludwigshafen II"]
[WhiteTeamCountry "GER"]
[BlackTeamCountry "GER"]

1. e4 e5 2. Nf3 Nc6 3. d4 exd4 4. Bc4 Nf6 5. 0-0 Nxe4 6. Re1 d5 7. Bxd5 Qxd5 8. Nc3 Qc4 9. Nd2 Qb4 10. a3 Qa5 11. Nb3 Qf5 12. Nxe4 Be7 13. Bg5 f6 14. Nxd4 Nxd4 15. Qxd4 0-0 16. Bh4 Re8 17. Bg3 Be6 18. Bxc7 Rac8 19. Ng3 Qd5 20. Qxd5 Bxd5 21. Ba5 Bf7 22. c3 Bd6 23. Nf5 Be5 24. Bb4 Rcd8 25. Rab1 Rd2 26. Bc5 Bg6 27. Be3 Rd5 28. g4 b6 29. Red1 Bxf5 30. gxf5 Red8 31. Rxd5 Rxd5 32. Kg2 Kf7 33. c4 Rd3 34. c5 bxc5 35. Bxc5 a5 36. b3 h5 37. h3 Bf4 38. a4 Rd5 39. b4 Rxf5 40. Bb6 axb4 41. Rxb4 Bd2 42. Rb5 Rxb5 43. axb5 Ke6 44. Kf3 f5 45. Be3 Bxe3 46. Kxe3 g5 47. Kd4 Kd6 48. f3 g4 49. fxg4 fxg4 50. hxg4 hxg4 1/2-1/2

[Event "GER-ch Net Amateur Gr-C Final"]
[Site "Playchess.com INT"]
[Date "2020.04.18"]
[Round "13"]
[White "Kuever, Benjamin"]
[Black "Vaghef, Mohammad Reza"]
[Result "1/2-1/2"]
[WhiteElo "1542"]
[BlackElo "1579"]
[PlyCount "135"]
[EventDate "2020.04.18"]
[EventType "swiss (blitz)"]
[EventRounds "13"]
[EventCountry "GER"]
[SourceTitle "CBM 195 Extra"]
[Source "ChessBase"]
[SourceDate "2020.05.31"]
[SourceVersion "1"]
[SourceVersionDate "2020.05.31"]
[SourceQuality "1"]

1. e4 d5 2. exd5 Nf6 3. Nf3 Bg4 4. h3 Bh5 5. c4 c6 6. dxc6 Nxc6 7. Be2 Bg6 8. d4 Nb4 9. Na3 e6 10. Qa4+ Nc6 11. Rf1 Qa5+ 12. Qxa5 Nxa5 13. Bd2 Bxa3 14. Bxa5 Bxb2 15. Rb1 Bxb1 16. d5 Ne4 17. dxe6 fxe6 18. Ng1 Bc3+ 19. Bxc3 Nxc3 20. f3 0-0-0 21. Kf2 Bd3 22. Bxd3 Rxd3 23. Re1 Rd2+ 24. Kg3 Re8 25. Kh2 e5 26. h4 e4 27. f4 e3 28. Nf3 Rd1 29. Rxd1 Nxd1 30. Ne1 e2 31. g3 Rd8 32. Kg2 Ne3+ 33. Kf2 Ng4+ 34. Kxe2 Rd4 35. Nf3 Rxc4 36. Ng5 Rc2+ 37. Kf3 Nf6 38. a4 Ra2 39. Ne6 Rxa4 40. Nxg7 Ra3+ 41. Kf2 Ne4+ 42. Ke2 Rxg3 43. Nf5 Rg4 44. Kf3 h6 45. Kxg4 Nf2+ 46. Kf3 Nd3 47. Nxh6 a6 48. f5 b5 49. f6 b4 50. f7 Ne5+ 51. Ke3 Nxf7 52. Kd4 Nd6 53. Ng4 b3 54. Kc3 a5 55. Kxb3 Nf5 56. h5 a4+ 57. Kxa4 Kd7 58. Kb4 Ke6 59. Kc4 Kf7 60. Kd5 Kg7 61. Ke5 Nh6 62. Kf4 Nxg4 63. Kxg4 Kh8 64. Kg5 Kg8 65. Kg6 Kh8 66. h6 Kg8 67. h7+ Kh8 68. Kh6 1/2-1/2

[Event "GER-ch Net Amateur Gr-C Vor3"]
[Site "Playchess.com INT"]
[Date "2020.04.16"]
[Round "4"]
[White "Kuever, Benjamin"]
[Black "Radeke, Jennifer"]
[Result "1-0"]
[WhiteElo "1482"]
[BlackElo "1290"]
[PlyCount "95"]
[EventDate "2020.04.16"]
[EventType "swiss (blitz)"]
[EventRounds "9"]
[EventCountry "GER"]
[SourceTitle "CBM 195 Extra"]
[Source "ChessBase"]
[SourceDate "2020.05.31"]
[SourceVersion "1"]
[SourceVersionDate "2020.05.31"]
[SourceQuality "1"]

1. e4 e5 2. Nf3 Nc6 3. Bb5 Nf6 4. 0-0 Nxe4 5. Re1 Ng5 6. Nxe5 Nxe5 7. Rxe5+ Ne6 8. Nc3 Bd6 9. Re1 Qh4 10. h3 Qf4 11. g3 Qh6 12. Kg2 Qg6 13. d4 0-0 14. Bd3 Qf6 15. Ne4 Qf5 16. Nxd6 Qd5+ 17. Ne4 b6 18. c4 Qf5 19. Ng5 Bb7+ 20. Be4 Bxe4+ 21. Nxe4 Rae8 22. d5 Nc5 23. Nxc5 bxc5 24. Rxe8 Rxe8 25. Be3 Qe4+ 26. Qf3 Qxf3+ 27. Kxf3 d6 28. a3 f6 29. b4 cxb4 30. axb4 Ra8 31. Rxa7 Rxa7 32. Bxa7 Kf7 33. Ke4 Ke7 34. c5 Kd7 35. c6+ Kd8 36. b5 g6 37. f4 Kc8 38. g4 Kd8 39. f5 g5 40. b6 cxb6 41. Bxb6+ Kc8 42. Kf3 h6 43. Kg3 Kb8 44. h4 Kc8 45. hxg5 hxg5 46. Bd4 Kd8 47. Bxf6+ Ke8 48. Bxg5 1-0

[Event "GER-ch Net Amateur Gr-C Vor3"]
[Site "Playchess.com INT"]
[Date "2020.04.16"]
[Round "5"]
[White "Kuever, Benjamin"]
[Black "Roos Nazario, Valentin1111"]
[Result "1-0"]
[WhiteElo "1491"]
[BlackElo "1365"]
[PlyCount "133"]
[EventDate "2020.04.16"]
[EventType "swiss (blitz)"]
[EventRounds "9"]
[EventCountry "GER"]
[SourceTitle "CBM 195 Extra"]
[Source "ChessBase"]
[SourceDate "2020.05.31"]
[SourceVersion "1"]
[SourceVersionDate "2020.05.31"]
[SourceQuality "1"]

1. e4 e5 2. Nf3 Nc6 3. Bb5 Nf6 4. 0-0 Bc5 5. Re1 d6 6. c3 Bg4 7. h3 Bh5 8. Na3 a6 9. Ba4 b5 10. Bb3 0-0 11. Nc2 Qb8 12. d4 exd4 13. cxd4 Bb6 14. e5 dxe5 15. dxe5 Nd7 16. Qxd7 Bxf3 17. gxf3 Qa7 18. Be3 Bxe3 19. fxe3 Nxe5 20. Qf5 Ng6 21. Nd4 Qb7 22. Bd5 Qb6 23. Bxa8 Rxa8 24. Rac1 Qb7 25. Qc5 Rc8 26. Qc6 Qa7 27. Nf5 Ne5 28. Qe4 Ng6 29. Ne7+ Nxe7 30. Qxe7 h6 31. Qd7 Qb7 32. Qc6 Qa7 33. Qc5 Qb7 34. e4 Kh7 35. Red1 Kg8 36. Rd7 Qb6 37. Qxb6 cxb6 38. Rxc8+ Kh7 39. Rxf7 Kg6 40. Rcc7 Kg5 41. Rxg7+ Kf4 42. Rcf7+ Ke5 43. f4+ Ke6 44. f5+ Ke5 45. Re7+ Kf6 46. e5+ Kxf5 47. Ref7+ Ke6 48. Rb7 Kxe5 49. Rxb6 h5 50. Rxa6 Kd4 51. Rb6 Kc4 52. Rh7 Kc5 53. Rxb5+ Kxb5 54. Rxh5+ Kc4 55. Kf2 Kd4 56. Kf3 Kc4 57. Re5 Kd4 58. Kf4 Kd3 59. Re4 Kc2 60. Ke3 Kxb2 61. Rc4 Kxa2 62. Kd3 Kb2 63. Rc3 Kb1 64. Rc2 Ka1 65. Kc3 Kb1 66. Kb3 Ka1 67. Rc1# 1-0

[Event "GER-ch Net Amateur Gr-C Vor1"]
[Site "Playchess.com INT"]
[Date "2020.04.14"]
[Round "1"]
[White "Kuever, Benjamin"]
[Black "Klees, Robert"]
[Result "1-0"]
[WhiteElo "1728"]
[BlackElo "1620"]
[PlyCount "49"]
[EventDate "2020.04.14"]
[EventType "swiss (blitz)"]
[EventRounds "9"]
[EventCountry "GER"]
[SourceTitle "CBM 196 Extra"]
[Source "ChessBase"]
[SourceDate "2020.07.31"]
[SourceVersion "1"]
[SourceVersionDate "2020.07.31"]
[SourceQuality "1"]

1. e4 d6 2. d4 Nf6 3. Nc3 Nbd7 4. Nf3 e5 5. dxe5 dxe5 6. Bg5 Be7 7. Bc4 0-0 8. 0-0 b6 9. Qd2 h6 10. Bh4 g5 11. Bg3 Nh5 12. Bxe5 Nxe5 13. Qxd8 Rxd8 14. Nxe5 Bf6 15. Nxf7 Kg7 16. Nxd8 Nf4 17. Nd5 Bxd8 18. Nxf4 gxf4 19. Rad1 Bf6 20. Rfe1 Bb7 21. Rd7+ Kg6 22. Rxc7 Bxb2 23. Rxb7 a5 24. Rxb6+ Kg5 25. Rxb2 1-0

[Event "GER-ch Net Amateur Gr-C Vor1"]
[Site "Playchess.com INT"]
[Date "2020.04.14"]
[Round "5"]
[White "Kuever, Benjamin"]
[Black "Krishnachandran, Srihari"]
[Result "0-1"]
[WhiteElo "1728"]
[BlackElo "1769"]
[PlyCount "44"]
[EventDate "2020.04.14"]
[EventType "swiss (blitz)"]
[EventRounds "9"]
[EventCountry "GER"]
[SourceTitle "CBM 196 Extra"]
[Source "ChessBase"]
[SourceDate "2020.07.31"]
[SourceVersion "1"]
[SourceVersionDate "2020.07.31"]
[SourceQuality "1"]

1. e4 c5 2. Nf3 Nc6 3. Bb5 g6 4. Bxc6 bxc6 5. 0-0 Bg7 6. d3 d6 7. Bd2 Bxb2 8. Bc3 Bxc3 9. Nxc3 Nf6 10. Rb1 0-0 11. Re1 Qc7 12. e5 Ne8 13. exd6 Nxd6 14. Qe2 Re8 15. Ne4 Nxe4 16. Qxe4 Bd7 17. Ne5 Rab8 18. Rxb8 Rxb8 19. h3 e6 20. Qc4 Rb2 21. Ra1 Qxe5 22. Qxc5 Qxc5 0-1